|
|
|
|
| LEADER |
03154nam a2200421 i 4500 |
| 001 |
44555 |
| 003 |
BD-DhAAL |
| 005 |
20250807140722.0 |
| 008 |
250708t2020 enka b 001 0 eng d |
| 010 |
|
|
|a 2017037516
|
| 020 |
|
|
|a 9781292330099
|
| 020 |
|
|
|a 9780134729404
|
| 020 |
|
|
|a 0134729404
|
| 035 |
|
|
|a 19991617
|
| 040 |
|
|
|a DLC
|b eng
|c DLC
|e rda
|d BD-DhAAL
|
| 042 |
|
|
|a pcc
|
| 050 |
0 |
0 |
|a HF5718
|b .B659 2019
|
| 082 |
0 |
0 |
|a 658.45
|2 23
|
| 100 |
1 |
|
|a Bovée, Courtland L.,
|e author.
|9 22628
|
| 245 |
1 |
0 |
|a Business communication essentials :
|b fundamental skills for the mobile-digital-social workplace /
|c Courtland L. Bovée ; John V. Thill.
|
| 250 |
|
|
|a Eighth edition.
|
| 264 |
|
1 |
|a Harlow, England :
|b Pearson,
|c 2020.
|
| 300 |
|
|
|a 544 pages :
|b illustrations ;
|c 28 cm
|
| 504 |
|
|
|a Includes bibliographical references and index.
|
| 526 |
|
|
|a BBS
|x Nadia Afroze Disha
Lecturer
BRAC Business School
BRAC University
Course Name : Business and Human Communication (BUS 201)
|
| 541 |
|
|
|a Book Finder International
|e 44555, 44556, 44557, 44558, 44559
|
| 650 |
|
0 |
|a Business communication.
|
| 650 |
|
0 |
|a Business writing.
|
| 650 |
|
0 |
|a Business presentations.
|
| 700 |
1 |
|
|a Thill, John V.,
|e author.
|9 22632
|
| 852 |
|
|
|a Ayesha Abed Library
|c General Stacks
|
| 942 |
|
|
|2 ddc
|c BK
|
| 999 |
|
|
|c 47307
|d 47307
|
| 952 |
|
|
|0 0
|1 0
|2 ddc
|4 0
|6 658_450000000000000_BOV
|7 0
|9 77944
|a BRACUL
|b BRACUL
|c GEN
|d 2025-07-30
|e Book Finder International
|g 7656.00
|l 2
|m 11
|o 658.45 BOV
|p 3010044556
|q 2026-06-02
|r 2026-02-17
|s 2026-02-17
|t 2
|v 15312.00
|w 2025-07-30
|y BK
|x Requisitioned by Nadia Afroze Disha (Lecturer, BRAC Business School, BRAC University) for the course named- "Business and Human Communication (BUS 201)"
|
| 952 |
|
|
|0 0
|1 0
|2 ddc
|4 0
|6 658_450000000000000_BOV
|7 0
|9 77945
|a BRACUL
|b BRACUL
|c GEN
|d 2025-07-30
|e Book Finder International
|g 7656.00
|l 3
|m 16
|o 658.45 BOV
|p 3010044557
|r 2026-05-13
|s 2026-02-25
|t 3
|v 15312.00
|w 2025-07-30
|y BK
|x Requisitioned by Nadia Afroze Disha (Lecturer, BRAC Business School, BRAC University) for the course named- "Business and Human Communication (BUS 201)"
|
| 952 |
|
|
|0 0
|1 0
|2 ddc
|4 0
|6 658_450000000000000_BOV
|7 0
|9 77946
|a BRACUL
|b BRACUL
|c GEN
|d 2025-07-30
|e Book Finder International
|g 7656.00
|l 1
|o 658.45 BOV
|p 3010044558
|r 2025-11-22
|s 2025-11-18
|t 4
|v 15312.00
|w 2025-07-30
|y BK
|x Requisitioned by Nadia Afroze Disha (Lecturer, BRAC Business School, BRAC University) for the course named- "Business and Human Communication (BUS 201)"
|
| 952 |
|
|
|0 0
|1 0
|2 ddc
|4 0
|6 658_450000000000000_BOV
|7 0
|9 77947
|a BRACUL
|b BRACUL
|c GEN
|d 2025-07-30
|e Book Finder International
|g 7656.00
|l 1
|m 11
|o 658.45 BOV
|p 3010044559
|r 2026-01-17
|s 2025-11-04
|t 5
|v 15312.00
|w 2025-07-30
|y BK
|x Requisitioned by Nadia Afroze Disha (Lecturer, BRAC Business School, BRAC University) for the course named- "Business and Human Communication (BUS 201)"
|
| 952 |
|
|
|0 0
|1 0
|2 ddc
|4 0
|6 658_450000000000000_BOV
|7 0
|9 77948
|a BRACUL
|b BRACUL
|c GEN
|d 2025-07-30
|e Book Finder International
|g 7656.00
|l 0
|o 658.45 BOV
|p 3010044555
|r 2025-07-30
|t 1
|v 15312.00
|w 2025-07-30
|y BK
|x Requisitioned by Nadia Afroze Disha (Lecturer, BRAC Business School, BRAC University) for the course named- "Business and Human Communication (BUS 201)"
|